00643nam a2200181Ia 4500008004100000020001800041040005200059041000800111100002200119245011200141250001100253260004900264300004800313650002700361650003200388650002400420650001700444130821s2009 xxuao gr eng  a9780415481502 aCo-BoUCMcnuevodHenry Ríos (modificó)bspa00aeng1 aHughes, J. Donald13aAn environmental history of the world humankind's changing role in the community of lifecJ. Donald Hughes a2a ed. aNueva York (Estados Unidos)bRoutledgec2009 a306 páginasbilustraciones, fotografías aComunidades bióticas aEcología humanaxHistoria aNaturalezxHistoria aSociología